¿Libre comercio entre Chile y Centroamérica?

Đã lưu trong:
Chi tiết về thư mục
Định dạng: Texto
Những chủ đề:
Các nhãn: Thêm thẻ
Không có thẻ, Là người đầu tiên thẻ bản ghi này!

MARC

LEADER 00000 a a2200000 04500
001 6301
003
040
245 |a ¿Libre comercio entre Chile y Centroamérica?  
650 |a LIBERALIZACION DEL INTERCAMBIO  
650 |a COMERCIO  
650 |a ACUERDOS INTERNACIONALES  
650 |a ARANCELES  
650 |a EMPRESA PRIVADA  
650 |a ESTADO  
650 |a ECONOMIA  
773 |g volumen 20, número 875; páginas 7-9  
999 |c 26638  |d 26638